1983 1579 1709 1723 1463 1703 1829 1225 1904 1249 1211 1259 1237 1821 1045 1322 1599 1406 1888 1953 1927 1277 1809 1037 1747 1218 1265 1314 1410 1771 1634 1483 1994 1541 1018 1232 1150 1701 1012 1671 1025 1719 1368 1794 1167 1232 1658 1034 1605 1533 1070 1569 1274 1178 1009 1046 1739 1326 1797 1885 1685 1765 1833 1994 1375 1062 1291 1666 1902 1852 1695 1946 1662 1540 1393 1422 1542 1421 1988 1813 1941 1809 1506 1798 1319 1318 1547 1447 1537 1669 1412 1007 1278 1328 1843 1628 1015 1015 1912 BCNSPRNW ULIB Ver.6.0+V

เปลี่ยนเป็นภาษาไทย

Change to English
 แสดงรายละเอียดบรรณานุกรม
  กลับหน้าหลัก

Brief Record : Get Marc (ISO 2709) : E-mail record : QR code < ปิดหน้าต่าง
LEADER : 00000nam 2200000uu 4500
001    13399111901
003     ULIB
008    110711s2549||||th 000 0 tha d
050  4 DS586^bส181ส 2550
110 1  สถาบันพระบรมราชชนก
245 10 สูจิบัตรพิธีพระราชทานทุนการศึกษาจากกองทุนพระเจ้าหลานเธอ พระองค์เจ้าทีปังกรรัศมีโชติ ในโครงการสายใยรักแห่งครอบครัว /^cสถาบันพระบรมราชชนก
260    นนทบุรี :^bสถาบันพระบรมราชชนก,^c2549
300    99 หน้า :^bภาพประกอบ
650  7 ทุนพระราชทาน-สูจิบัตร
945    ^p0^l0^i021948
945    ^p0^l0^i021949
945    ^p0^l0^i021950
945    ^p0^l0^i021951
995    ทศพร
999 ^a ใช้งานได้ทุกระบบ
รายการนี้ยังไม่มีแท็ก
คุณยังไม่ได้ล็อกอิน คุณสามารถมีกิจกรรมร่วมกับเว็บไซต์ได้ แต่ต้องล็อกอินก่อน ::
  ล็อกอิน

รายการสื่อสารสนเทศ

ลำดับที่ ประเภท เลขเรียก/บาร์โค้ด สถานที่ สถานะ
- ไม่พบข้อมูล -

BibComment


ยังไม่เคยถูกคอมเมนท์

คอมเมนท์ทรัพยากรรายการนี้
  คอมเมนท์: สูจิบัตรพิธีพระรา..


 Copyright 2026. Bcnsprnw @Library